[Event "CAN-ch U08"]
[Site "Windsor"]
[Date "2015.07.06"]
[Round "1.131"]
[White "Shapiro, Idan"]
[Black "Pan, Thomas"]
[Result "1-0"]
[WhiteElo "1013"]
[BlackElo "720"]
[PlyCount "79"]
[EventDate "2015.07.06"]
[EventType "swiss"]
[EventRounds "7"]
[EventCountry "CAN"]
[SourceTitle "EXT 2022"]
[Source "ChessBase"]
[SourceDate "2021.10.06"]
[SourceVersion "1"]
[SourceVersionDate "2021.10.06"]
[SourceQuality "1"]

1. e4 e5 2. Nc3 Nf6 3. Nf3 Nc6 4. d4 exd4 5. Nxd4 Bc5 6. Nxc6 dxc6 7. Qxd8+ Kxd8 8. Bg5 h6 9. Bxf6+ gxf6 10. 0-0-0+ Ke8 11. Bc4 Rg8 12. g3 Bxf2 13. Rdf1 Bg4 14. Rxf2 Rg6 15. e5 fxe5 16. Bxf7+ Kd7 17. Bxg6 Ke7 18. Rf7+ Ke6 19. Rhf1 e4 20. Nxe4 Rd8 21. Nc5+ Ke5 22. Re1+ Kd4 23. Rf4+ Kxc5 24. Rxg4 Rd5 25. Rf4 b5 26. Rf5 Rxf5 27. Bxf5 a6 28. Re6 Kd5 29. Rxh6 c5 30. g4 c4 31. g5 b4 32. g6 c3 33. g7 cxb2+ 34. Kxb2 Ke5 35. g8Q Kxf5 36. Qe8 Kg5 37. Rh7 Kg4 38. Rf7 Kg5 39. Qg8+ Kh6 40. Rh7# 1-0